• 首页
  • 本馆介绍
  • 公告通知
  • 最新文献
  • 馆藏检索
  • 电子资源
  • 读者导购
  • 参考咨询
  • 我的图书馆
  • 登录
  • 详细信息显示
  • 放入我的书架
  • 预约/预借图书
  • 作者相关作品
  • 分类相关作品
  • 丛书相关作品
  • 出版社相关作品

书目信息

  • 表格格式
  • 工作单格式
  • 卡片格式
题名:
人体生理卫生
    
 
作者: 孟挺 主编
分册:  
出版信息: 济南   山东人民出版社  1979
页数: 308页
开本: 19cm
丛书名: 中学教学参考丛书
单 册:
中图分类: G633.92
科图分类:
主题词: 生理卫生--中学--教学参考资料
电子资源:
ISBN: 7099.903
000 00697oam2 2200253 450
001 0179009146
005 20100712215649.0
010    @a7099.903@dCNY0.84
091    @a7099.903@d¥0.84
100    @a19950918d1979 demy0chiy0110 ea
101 0  @achi
102    @aCN@b370000
105    @ay z 000yy
106    @ar
200 1  @a人体生理卫生@9Ren Ti Sheng Li Wei Sheng @f孟挺主编
210    @a济南@c山东人民出版社@d1979
215    @a308页@d19cm
225 2  @a中学教学参考丛书
461  0 @12001 @a中学教学参考丛书
606 0  @a生理卫生@x中学@x教学参考资料
690    @aG633.92@v3
701  0 @a孟挺@9meng ting@4主编
801  0 @aCN@bAzMarc@c20130904
905    @aBZT@dG633.92@e1@f5@sG633.92/1
    
    人体生理卫生/孟挺主编.-济南:山东人民出版社,1979
    308页;19cm.-(中学教学参考丛书)
    
    
    ISBN 7099.903:CNY0.84
    
●
相关链接 在五车中查询图书 在当当中查询图书 在豆瓣中查询图书


正题名:人体生理卫生     索取号:G633.92/1         预约/预借

序号 登录号 条形码 馆藏地/架位号 状态 备注
1 2000045796   2000045796   旧书回溯/ [索取号:G633.92/1] 在馆    
2 2000045816   2000045816   旧书回溯/ [索取号:G633.92/1] 在馆    
3 2000045821   2000045821   旧书回溯/ [索取号:G633.92/1] 在馆    
4 2000137800   2000137800   旧书回溯/ [索取号:G633.92/1] 在馆    
5 2000137801   2000137801   旧书回溯/ [索取号:G633.92/1] 在馆    
山东省滨州职业学院图书馆 欢迎您!
大连网信软件有限公司© 版权所有